000 01326nam a2200325 i 4500
001 189043
003 ES-MaACL
005 20240612125439.0
008 190325s2013 mx |||| | spa d
020 _a978-607-495-308-4
100 1 _aVázquez, Felipe.
_9166674
245 1 0 _aCazadores de invisible
_b: antología personal /
_cFelipe Vázquez ; prólogo, Armando Oviedo.
250 _a1ª ed.
260 _aToluca de Lerdo, Estado de México :
_bFondo Editorial Estado de México,
_c2013.
300 _a291 p. ;
_c24 cm +
_e1 CD-ROM
490 1 _aLetras. Summa de días
504 _aBibliografía: p. 290-291.
505 8 _aContiene: Juan José Arreola ; Atisbos ; Ensayos de ficción ; Conjeturas
530 _aDisponible en formato digital.
600 1 4 _aArreola, Juan José-
_xCrítica e interpretación.
_9173351
650 4 _aPoesía mexicana-
_xHistoria y crítica.
_9166675
700 1 _aOviedo, Armando.
_9166676
830 1 _aLetras. Summa de días
_9225762
852 _aES-MaACL
_j A-14432
_9196180
_bR.151768
_cDEPO1
_dOlim: N-7432
_hDonacion: Raúl Morales
852 _aES-MaACL
_jROT 6/2/35
_9203355
_cDEPO1
_hDonacion: Raúl Morales
903 _9166683
_aMorales Góngora, Raúl
_ednr
942 _2udc
_cMONOGRAFIA
999 _c189043
_d189043